|
|
|
|
| LEADER |
01287nam a2200349Ia 4500 |
| 001 |
EBC259183 |
| 003 |
MiAaPQ |
| 005 |
20200520144314.0 |
| 006 |
m o d | |
| 007 |
cr cn||||||||| |
| 008 |
060128s2005 onc s 010 0 eng d |
| 020 |
|
|
|z 1552502198
|
| 035 |
|
|
|a (MiAaPQ)EBC259183
|
| 035 |
|
|
|a (Au-PeEL)EBL259183
|
| 035 |
|
|
|a (CaPaEBR)ebr10120509
|
| 035 |
|
|
|a (CaONFJC)MIL71819
|
| 035 |
|
|
|a (OCoLC)62864361
|
| 040 |
|
|
|a MiAaPQ
|c MiAaPQ
|d MiAaPQ
|
| 050 |
|
4 |
|a HD87
|b .A8 2005
|
| 245 |
0 |
0 |
|a At the crossroads
|h [electronic resource] :
|b ICT policymaking in East Africa /
|c edited by Florence E. Etta, Laurent Elder.
|
| 260 |
|
|
|a Ottawa, Ont. :
|b International Development Research Centre,
|c 2005.
|
| 300 |
|
|
|a xxvi, 309 p.
|
| 500 |
|
|
|a Includes Index.
|
| 533 |
|
|
|a Electronic reproduction. Ann Arbor, MI : ProQuest, 2015. Available via World Wide Web. Access may be limited to ProQuest affiliated libraries.
|
| 650 |
|
0 |
|a Economic policy.
|
| 651 |
|
0 |
|a Africa
|x History.
|
| 655 |
|
4 |
|a Electronic books.
|
| 700 |
1 |
|
|a Etta, Florence E.
|
| 700 |
1 |
|
|a Elder, Laurent.
|
| 710 |
2 |
|
|a International Development Research Centre (Canada)
|
| 710 |
2 |
|
|a ProQuest (Firm)
|
| 856 |
4 |
0 |
|u https://ebookcentral.proquest.com/lib/matrademy/detail.action?docID=259183
|z Click to View
|